000 nam a22 7a 4500
999 _c9900
_d9900
008 180208b ||||| |||| 00| 0 eng d
100 _aMoore, P
_9292
245 _aWilliam Shakespear Poem
260 _aNew Delhi
_bMohit Publication
_c2012